| 000 | 00457nam a22001697a 4500 | ||
|---|---|---|---|
| 003 | CEME | ||
| 005 | 20210628210335.0 | ||
| 008 | 210216b xxu||||| |||| 00| 0 eng d | ||
| 040 | _c. | ||
| 082 | _a297.7 ASH | ||
| 100 |
_aAshraf Ali Thanvi Muhammad Ashraf Ali Thanvi _978766 |
||
| 245 | _aJadeed malfoozaat | ||
| 260 |
_aKARACHI _bDAR-UL-ISHAAT _c1990 |
||
| 300 | _a460P | ||
| 650 |
_aISLAM-JADEED MALFOOZAAT-ASHRAF ALI THANVI _979053 |
||
| 942 |
_cBK _2ddc |
||
| 999 |
_c584121 _d584121 |
||